| 000 | 00665nam a2200217Ia 4500 | ||
|---|---|---|---|
| 003 | GCL | ||
| 008 | 140319s9999 xx 000 0 ara d | ||
| 040 |
_aGCL / _cGCL |
||
| 082 | 0 | 4 |
_a320.5 _bم ث |
| 100 | 1 | _aمحمد عمارة | |
| 245 | 1 | 0 |
_aالثورة / _cمحمد عمارة |
| 250 | _aالاولى | ||
| 260 |
_aتونس : _bدار المعارف للطباعة والنشر ، _c1994 |
||
| 300 |
_a110 ص ؛ _c24سم |
||
| 490 |
_aموسوعة الحضارة الاسلامية _v0 |
||
| 650 | 0 | 4 | _aالسياسة |
| 650 | 0 | 4 | _aالنظم السياسية |
| 650 | 0 | 4 | _aالثورة الاسلامية |
| 650 | 0 | 4 | _aالثورة |
| 942 |
_2ddc _cBK |
||
| 999 |
_c48149 _d48149 |
||